| 000 | 02101cam a22005054i 4500 | ||
|---|---|---|---|
| 003 | PE-LiUPU | ||
| 005 | 20250731173240.0 | ||
| 008 | 150616s r 000 0 d | ||
| 035 | _a(Sirsi) a3526 | ||
| 040 |
_aPE-LiUPU _bspa _cPE-LiUPU _erda |
||
| 049 | _aPRUA | ||
| 082 | 0 | 4 |
_a251 _bJ22 _221 |
| 100 | 1 |
_aJapas, Salim, _eautor. |
|
| 245 | 1 | 0 |
_aFuego de Dios en la evangelización / _cSalim Japas. |
| 264 | 1 |
_aSan Pedro Sula, Honduras : _bAndrews University Extension School, _c1974. |
|
| 300 |
_a251 páginas ; _c27 cm. |
||
| 336 |
_atext _2rdacontent |
||
| 337 |
_aunmediated _2rdamedia |
||
| 338 |
_avolume _2rdacarrier |
||
| 500 | _aEdición mimeografiada. | ||
| 505 | 0 | _aLa felicidad -- El Hogar -- La delincuencia juvenil -- El noviazgo -- El éxito -- La educación del niño -- La congoja y su consuelo -- Dios -- Cómo gozar de la vida -- La Biblia -- El enigma del futuro -- La esperanza cristiana -- Temperancia -- El amor de Dios -- La fé -- La oración. | |
| 526 | _aSEG42 | ||
| 526 | _aSEG41 | ||
| 526 | _aSEG40 | ||
| 526 | _aSEG39 | ||
| 526 | _aP94 | ||
| 526 | _aP87 | ||
| 526 | _aP86 | ||
| 526 | _aP85 | ||
| 526 | _aP77 | ||
| 526 | _aP76 | ||
| 526 | _aP35 | ||
| 650 | 0 | 4 |
_aEvangelismo _xIASD. |
| 650 | 0 | 4 | _aSemones. |
| 910 |
_ajck _bjvq _cjck |
||
| 942 |
_2ddc _cBOOK |
||
| 949 |
_a251 J22 _wDEWEY _c1 _i50668 _lCCODEBUL1 _mBUL _p00.00 _r0 _sY _tBOOK _u19610304 _xTEOLOGIA _zUNKNOWN _0COMPRA _o.STAFF. Colección General |
||
| 949 |
_a251 J22 _wDEWEY _c2 _i18500 _lCCODEBUL1 _mBUL _p00.00 _r0 _sY _tBOOK _u2015-04-23 _xTEOLOGIA _zUNKNOWN _0COMPRA _o.STAFF. Colección General |
||
| 994 |
_aC0 _bPEPRU |
||
| 596 | _a1 | ||
| 999 |
_a251 J22 _wDEWEY _c43204 _i50668 _f2021-11-12 _g5 _lCCODEBUL1 _mBUL _r0 _sY _tBOOK _u2015-6-16 _xTEOLOGIA _zUNKNOWN _0COMPRA _o.STAFF. Colección General _d43204 |
||
| 999 |
_a251 J22 _wDEWEY _c2 _i18500 _d2018-6-18 _f2021-11-12 _g5 _lCCODEBUL1 _mBUL _q1 _r0 _sY _tBOOK _u2015-4-23 _xTEOLOGIA _zUNKNOWN _0COMPRA _o.STAFF. Colección General |
||
| 980 |
_81 _gALBERTO SANCHEZ Responsable de Automatización |
||